Sort Cities by Population - Interactive Quiz - Statistics

General Stats
  • This quiz has been taken 180 times
  • The average score is 40 of 60
Answers on the Map
Answers color-coded by a green-red scale on the quiz's map according to % correct below.
 
Answer Stats
Answer % Correct
Score 1
100%
Score 2
97%
Score 3
97%
Score 4
95%
Score 10
92%
Score 11
92%
Score 12
92%
Score 13
92%
Score 14
92%
Score 15
92%
Score 16
92%
Score 17
92%
Score 18
92%
Score 5
92%
Score 6
92%
Score 7
92%
Score 8
92%
Score 9
92%
Score 19
89%
Score 20
89%
Score 21
86%
Score 22
86%
Score 23
86%
Score 24
84%
Score 25
81%
Score 26
81%
Score 27
78%
Score 28
76%
Score 29
76%
Score 30
73%
Score 31
70%
Score 32
68%
Score 33
68%
Score 34
68%
Score 35
68%
Score 36
68%
Score 37
68%
Score 38
62%
Score 39
62%
Score 40
59%
Score 41
59%
Score 42
57%
Score 43
57%
Score 44
49%
Score 45
41%
Score 46
38%
Score 47
35%
Score 48
35%
Score 49
35%
Score 50
35%
Score 51
32%
Score 52
30%
Score 53
27%
Score 54
27%
Score 55
27%
Score 56
16%
Score 57
11%
Score 58
11%
Score 59
11%
Score 60
11%
No matching quizzes found
Score Distribution
Percent of People with Each Score
Percentile by Number Answered
Your Score History
You have not taken this quiz